Recent developments in chemical control of Imperata cylindrica (L.) Beauv. (lalang) in Malaysia (Record no. 66433)

MARC details
000 -LEADER
fixed length control field 00455nam a2200157Ia 4500
100 ## - MAIN ENTRY--AUTHOR NAME
Personal name Teoh K S
245 #0 - TITLE STATEMENT
Title Recent developments in chemical control of Imperata cylindrica (L.) Beauv. (lalang) in Malaysia
260 ## - PUBLICATION, DISTRIBUTION, ETC. (IMPRINT)
Name of publisher Biotrop Special Publication
Year of publication 1989
300 ## - PHYSICAL DESCRIPTION
Number of Pages 359-368
500 ## - GENERAL NOTE
General note Source Year: 1992
650 ## - SUBJECT ADDED ENTRY--TOPICAL TERM
Topical Term Imperata cylindrica
700 ## - ADDED ENTRY--PERSONAL NAME
Personal name Pang K F
856 ## - ELECTRONIC LOCATION AND ACCESS
Uniform Resource Identifier IRRDB
942 ## - ADDED ENTRY ELEMENTS (KOHA)
Koha item type Journals
Holdings
Withdrawn status Lost status Damaged status Not for loan Home library Current library Shelving location Date acquired Serial Enumeration / chronology Koha item type
      Journals RRII Library RRII Library Soils and agonomy 17/12/2021 Volume 67, Issue 2 Journals